000 00210nam a22001097a 4500
041 _aeng
080 _a80
100 _aHionides, Harry T.
245 _aGreek dictionary.
650 _aReference
999 _c279748
_d279748
942 _cBK